Camille Riquier, Philosophie de Péguy ou les mémoires d’un imbécile PUF, 2017, 549 pages, 23 €. (notice n° 1602739)
[ vue normale ]
| 000 -LEADER | |
|---|---|
| fixed length control field | 00563cam a2200145 4500500 |
| 005 - DATE AND TIME OF LATEST TRANSACTION | |
| control field | 20251228090813.0 |
| 041 ## - LANGUAGE CODE | |
| Language code of text/sound track or separate title | fre |
| 042 ## - AUTHENTICATION CODE | |
| Authentication code | dc |
| 100 10 - MAIN ENTRY--PERSONAL NAME | |
| Personal name | Faguer, Nicolas |
| Relator term | author |
| 245 00 - TITLE STATEMENT | |
| Title | Camille Riquier, Philosophie de Péguy ou les mémoires d’un imbécile PUF, 2017, 549 pages, 23 €. |
| 260 ## - PUBLICATION, DISTRIBUTION, ETC. | |
| Date of publication, distribution, etc. | 2017.<br/> |
| 500 ## - GENERAL NOTE | |
| General note | 36 |
| 786 0# - DATA SOURCE ENTRY | |
| Note | Bulletin de l’Amitié Charles Péguy | 159 | 3 | 2017-04-18 | p. 312-314 | 0180-8567 |
| 856 41 - ELECTRONIC LOCATION AND ACCESS | |
| Uniform Resource Identifier | <a href="https://shs.cairn.info/revue-bulletin-de-lamitie-charles-peguy-2017-3-page-312?lang=fr&redirect-ssocas=7080">https://shs.cairn.info/revue-bulletin-de-lamitie-charles-peguy-2017-3-page-312?lang=fr&redirect-ssocas=7080</a> |
Pas d'exemplaire disponible.




Réseaux sociaux